[Event "Wesel Undeloh op"]
[Site "Wesel Undeloh"]
[Date "2005.04.16"]
[Round "5"]
[White "Schoenemann, Manfred"]
[Black "Grohmann, Eduard"]
[Result "1-0"]
[WhiteElo "1699"]
[BlackElo "1516"]
[PlyCount "55"]
[EventDate "2005.04.14"]
[EventType "swiss"]
[EventRounds "7"]
[EventCountry "GER"]
[SourceTitle "EXT 2007"]
[Source "ChessBase"]
[SourceDate "2006.11.23"]
[SourceVersion "1"]
[SourceVersionDate "2006.11.23"]
[SourceQuality "1"]

1. d4 d5 2. c4 dxc4 3. e3 c6 4. Bxc4 Nf6 5. Nf3 e6 6. 0-0 Be7 7. Nc3 0-0 8. a3 h6 9. b4 Re8 10. Bb2 Nbd7 11. h3 Nd5 12. Qc2 Bf6 13. Rad1 b5 14. Bb3 Bb7 15. Ne4 Be7 16. Nc5 Nxc5 17. dxc5 Qc8 18. Ne5 a5 19. Ng4 axb4 20. axb4 h5 21. Rd4 hxg4 22. Rxg4 Bf6 23. Bxd5 Bxb2 24. Qxb2 e5 25. Bb3 Qf5 26. f4 Bc8 27. fxe5 Qxe5 28. Bxf7+ 1-0

[Event "Wesel Undeloh op"]
[Site "Wesel Undeloh"]
[Date "2005.04.15"]
[Round "3"]
[White "Grohmann, Eduard"]
[Black "Bobanac, Ivan"]
[Result "1/2-1/2"]
[WhiteElo "1516"]
[BlackElo "1693"]
[PlyCount "33"]
[EventDate "2005.04.14"]
[EventType "swiss"]
[EventRounds "7"]
[EventCountry "GER"]
[SourceTitle "EXT 2007"]
[Source "ChessBase"]
[SourceDate "2006.11.23"]
[SourceVersion "1"]
[SourceVersionDate "2006.11.23"]
[SourceQuality "1"]

1. d4 c5 2. e3 Nc6 3. c3 e6 4. Nf3 d5 5. Bb5 a6 6. Bxc6+ bxc6 7. 0-0 Nf6 8. Ne5 Qc7 9. Nd2 Bd6 10. Nef3 Ne4 11. h3 c4 12. Nxe4 dxe4 13. Nd2 f5 14. Qh5+ g6 15. Qh6 Bf8 16. Qg5 Be7 17. Qh6 1/2-1/2